Statistiques concernant Miss 👑 France 🇫🇷 #1 📸PHOTOS📸

Cliquez ici pour prendre le quiz!

Statistiques générales

  • Ce quiz a été pris 474 fois
  • Le résultat moyen est 9 sur 12

Statistiques - réponses

Réponse% Correct
Amandine Petit
91%
Camille Cerf
90%
Iris Mittenaere
82%
Maëva Coucke
80%
Vaimalama Chaves
80%
Marine Lorphelin
77%
Clémence Botino
76%
Flora Coquerel
72%
Malika Ménard
64%
Laury Thilleman
63%
Delphine Wespiser
61%
Alicia Aylies
58%

Distribution des résultats

Percentile par nombre de réponses

% des personnes avec chaque résultat

Votre développement - résultats

Vous n’avez pas pris ce quiz